| 000 | 00888nac a22002531u 4500 | ||
|---|---|---|---|
| 010 | _a 2003268548 | ||
| 020 | _a9810249217 | ||
| 020 | _a9810249225 (pbk.) | ||
| 035 | _a(OCoLC)ocm51502620 | ||
| 082 | 0 | 0 |
_a627.98 _bCHA |
| 090 |
_c8920 _d8920 |
||
| 100 | _aChakrabarti, Subrata K | ||
| 245 | 1 | 4 |
_aThe theory and practice of hydrodynamics and vibration / _cSubrata K. Chakrabarti. |
| 260 |
_aRiver Edge, N.J. : _bWorld Scientific,2002 _cc2002. |
||
| 300 |
_axviii, 464 p. : _bill. ; _c24 cm. |
||
| 440 | 0 |
_aAdvanced series on ocean engineering ; _vv. 20 |
|
| 500 | _adistributer: scientific home bookshop | ||
| 504 | _aIncludes bibliographical references and indexes. | ||
| 511 | _acatalogued by: wessam | ||
| 650 | 0 | _aHydrodynamics. | |
| 650 | 0 | _aVibration (Marine engineering) | |
| 650 | 0 | _aOffshore structures. | |
| 942 |
_cBB _k627.98CHA |
||
| 999 |
_c8920 _d8920 |
||